|
|
|
|
| LEADER |
00000cam a2200000 7i4500 |
| 001 |
0000051711 |
| 005 |
20150906.0 |
| 008 |
150906 |
| 020 |
|
|
|a 9832852811(set)
|
| 020 |
|
|
|a 9832852978
|
| 090 |
0 |
0 |
|a MOR
|b MAL
|
| 100 |
0 |
|
|a Syed Mahadzir
|
| 245 |
1 |
0 |
|a Asal Perut Kenyang
|c Syed Mahadzir
|
| 260 |
|
|
|a Selangor :
|b Cooray's House Of Publication Sdn Bhd ,
|c (s.n)
|
| 490 |
0 |
|
|a Siri Hentikan Buli
|
| 999 |
|
|
|a 0001042857
|b Book
|c Teenagers
|e Cawangan Bandar Tenggara
|
| 999 |
|
|
|a 0001049938
|b Book
|c Children Collection
|e Cawangan Taman Universiti
|
| 999 |
|
|
|a 0001049939
|b Book
|c Children Collection
|e Cawangan Pontian
|
| 999 |
|
|
|a 0001052072
|b Book
|c Children Collection
|e Cawangan Taman Universiti
|
| 999 |
|
|
|a 0001052073
|b Book
|c Children Collection
|e Cawangan Pontian
|
| 999 |
|
|
|a 0001052074
|b Book
|c Children Collection
|e Cawangan Taman Sri Lambak
|
| 999 |
|
|
|a 0001052075
|b Book
|c Children Collection
|e Cawangan Kota Tinggi
|
| 999 |
|
|
|a 0001071044
|b Book
|c Children Collection
|e Cawangan Tmn. Ungku Tun Aminah
|
| 999 |
|
|
|a 0001075531
|b Book
|c Children Collection
|e Cawangan Taman Universiti
|
| 999 |
|
|
|a 0001075534
|b Book
|c Children Collection
|e Cawangan Bukit Gambir
|
| 999 |
|
|
|a 0001075592
|b Book
|c Children Collection
|e Cawangan Bandar Penawar
|
| 999 |
|
|
|a 0001075642
|b Book
|c Children Collection
|e Cawangan Tangkak
|
| 999 |
|
|
|a 0001075758
|b Book
|c Children Collection
|e Cawangan Bukit Gambir
|
| 999 |
|
|
|a 0001130556
|b Book
|c Teenagers
|e Cawangan Bandar Tenggara
|
| 999 |
|
|
|a 0001130619
|b Book
|c Children Collection
|e Cawangan Pontian
|
| 999 |
|
|
|a 0001138603
|b Book
|c Adult Collection
|e Cawangan Mersing
|
| 999 |
|
|
|a 0001138627
|b Book
|c Children Collection
|e Cawangan Taman Universiti
|
| 999 |
|
|
|a 0001138925
|b Book
|c Teenagers
|e Cawangan Bandar Tenggara
|